书目信息 |
| 题名: |
拉赫玛尼诺夫艺术歌曲精选
|
|
| 作者: | 拉赫玛尼诺夫 作曲 ;徐宜 选辑译配 | |
| 分册: | ||
| 出版信息: | 上海 上海音乐出版社 2004 |
|
| 页数: | 183页 | |
| 开本: | 30cm | |
| 丛书名: | 欧洲著名艺术歌曲精选曲库 | |
| 单 册: | ||
| 中图分类: | J652.5(512) | |
| 科图分类: | ||
| 主题词: | 艺术歌曲--俄罗斯--现代--选集 , 艺术歌曲 | |
| 电子资源: | ||
| ISBN: | 7-80667-425-X | |
| 000 | 01185ocm2 2200289 450 | |
| 001 | 002645408 | |
| 005 | 20100325104544.56 | |
| 010 | @a7-80667-425-X@dCNY34.00 | |
| 100 | @a20040521d2004 em y0chiy0110 ea | |
| 101 | 1 | @achi@crus |
| 102 | @aCN@b310000 | |
| 105 | @ag z 000yy | |
| 106 | @ar | |
| 200 | 1 | @a拉赫玛尼诺夫艺术歌曲精选@9la he ma ni nuo fu yi shu ge qu jing xuan@f[(俄)拉赫玛尼诺夫(Сергей Васильевич Рахманинов)作曲]@g徐宜选辑译配 |
| 210 | @a上海@c上海音乐出版社@d2004 | |
| 215 | @a183页@d30cm | |
| 225 | 2 | @a欧洲著名艺术歌曲精选曲库 |
| 330 | @a本书收入了拉赫玛尼诺夫49首艺术歌曲。即《圣居门前》、《不再开口》、《心儿重又激动》、《四月,春之佳节》、《绝望者之歌》等。 | |
| 461 | 0 | @12001 @a欧洲著名艺术歌曲精选曲库 |
| 510 | 1 | @aSelected Collection of Rachmaninov's Artistic Songs@zeng |
| 606 | 0 | @a艺术歌曲@y俄罗斯@z现代@j选集 |
| 606 | 0 | @a艺术歌曲 |
| 690 | @aJ652.5(512)@v4 | |
| 701 | 0 | @c(俄)@a拉赫玛尼诺夫@9la he ma ni nuo fu@c(Рах монинов, Сергей Васцльевич@f1873.3~1943.3)@4作曲 |
| 702 | 0 | @a徐宜@9xu yi@c(音乐)@4选辑译配 |
| 801 | 0 | @aCN@bNLC@c20100325 |
| 905 | @b799320-24@dJ652.5(512)@e521@f5 | |
| 拉赫玛尼诺夫艺术歌曲精选/[(俄)拉赫玛尼诺夫(Сергей Васильевич Рахманинов)作曲]/徐宜选辑译配.-上海:上海音乐出版社,2004 |
| 183页;30cm.-(欧洲著名艺术歌曲精选曲库) |
| ISBN 7-80667-425-X:CNY34.00 |
| 本书收入了拉赫玛尼诺夫49首艺术歌曲。即《圣居门前》、《不再开口》、《心儿重又激动》、《四月,春之佳节》、《绝望者之歌》等。 |
| ● |
| 相关链接 |
|
|
|
|
正题名:拉赫玛尼诺夫艺术歌曲精选
索取号:J652.5(512)/521
 
预约/预借
| 序号 | 登录号 | 条形码 | 馆藏地/架位号 | 状态 | 备注 |
| 1 | 799320 | 207993206 | 第一样本阅览室/ [索取号:J652.5(512)/521] | 在馆 | |
| 2 | 799321 | 207993215 | 第一借阅区/ [索取号:J652.5(512)/521] | 在馆 | |
| 3 | 799322 | 207993224 | 第一借阅区/ [索取号:J652.5(512)/521] | 在馆 | |
| 4 | 799323 | 207993233 | 第一借阅区/ [索取号:J652.5(512)/521] | 在馆 | |
| 5 | 799324 | 207993242 | 第一借阅区/ [索取号:J652.5(512)/521] | 在馆 |